Transition Economies. (Record no. 5872)

MARC details
000 -LEADER
fixed length control field 00602nam a22002177i 4500
001 - CONTROL NUMBER
control field 6265
003 - CONTROL NUMBER IDENTIFIER
control field OSt
005 - DATE AND TIME OF LATEST TRANSACTION
control field 20180914133409.0
007 - PHYSICAL DESCRIPTION FIXED FIELD--GENERAL INFORMATION
fixed length control field tu
008 - FIXED-LENGTH DATA ELEMENTS--GENERAL INFORMATION
fixed length control field 161220s2002 gw |||||||||||||||||eng d
024 7# - OTHER STANDARD IDENTIFIER
Standard number or code 6265
Source of number or code RID
024 7# - OTHER STANDARD IDENTIFIER
Standard number or code 6265
Source of number or code RSN (alt)
040 ## - CATALOGING SOURCE
Transcribing agency OSt
041 ## - LANGUAGE CODE
Language code of text/sound track or separate title eng
100 1# - MAIN ENTRY--PERSONAL NAME
Personal name Frensch, Richard
245 00 - TITLE STATEMENT
Title Transition Economies.
Remainder of title Cyclical Behaviour, Tariffs and Project Financing
260 ## - PUBLICATION, DISTRIBUTION, ETC.
Place of publication, distribution, etc. München :
Name of publisher, distributor, etc. forost - Forschungsverbund Ost- und Südosteuropa,
Date of publication, distribution, etc. 2002.
490 ## - SERIES STATEMENT
Series statement forost Arbeitspapiere
Volume/sequential designation 5/August 2002
International Standard Serial Number 1613-0332
700 1# - ADDED ENTRY--PERSONAL NAME
Personal name Hainz, Christa
942 ## - ADDED ENTRY ELEMENTS (KOHA)
Koha item type Paper
Holdings
Withdrawn status Lost status Damaged status Not for loan Home library Current library Shelving location Date acquired Inventory number Total Checkouts Barcode Date last seen Price effective from Koha item type
        WIIW WIIW Library 08/04/2004 6265   10001756 01/26/2017 01/26/2017 Paper
The Vienna Instiute for International Economic Studies (wiiw)